In the name of women's rights : the rise of femonationalism /

Bibliographic Details
Main Author: Farris, Sara R. (Author)
Corporate Author: ProQuest (Firm)
Format: eBook
Language:English
Published: Durham : Duke University Press, 2017.
Subjects:
Online Access:Connect to the full text of this electronic book

MARC

Tag First Indicator Second Indicator Subfields
LEADER 00000cam a2200000 i 4500
001 in00003820821
006 m o d
007 cr |||||||||||
008 161024t20172017ncua ob 001 0 eng
005 20250816213822.4
010 |a  2016049128 
020 |a 9780822372929  |q electronic book 
020 |a 0822372924  |q electronic book 
020 |z 9780822369608  |q hardcover ;  |q alkaline paper 
020 |z 0822369605 
020 |z 9780822369745 
020 |z 0822369745 
024 8 |a 40027118716 
035 |a (DLC)ebc4845301 
040 |a NhCcYBP  |c NhCcYBP  |d UtOrBLW 
042 |a pcc 
043 |a e------ 
050 4 |a JV7590  |b .F368 2017 
072 7 |a POL  |x 004000  |2 bisacsh 
072 7 |a POL  |x 035010  |2 bisacsh 
082 0 0 |a 323.3/4094  |2 23 
100 1 |a Farris, Sara R.,  |e author.  |0 http://id.loc.gov/authorities/names/n2012072958 
245 1 0 |a In the name of women's rights :  |b the rise of femonationalism /  |c Sara R. Farris. 
264 1 |a Durham :  |b Duke University Press,  |c 2017. 
264 4 |c ©2017 
300 |a 1 online resource. 
336 |a text  |b txt  |2 rdacontent 
337 |a computer  |b c  |2 rdamedia 
338 |a online resource  |b cr  |2 rdacarrier 
504 |a Includes bibliographical references and index. 
505 0 |a Figures of femonationalism -- Femonationalism is no populism -- Integration policies and the institutionalization of femonationalism -- Femonationalism, neoliberalism, and social reproduction -- The political economy of femonationalism. 
588 |a Description based on online resource; title from digital title page (viewed on May 03, 2017). 
500 |a Electronic resource. 
651 0 |a Europe  |x Emigration and immigration.  |0 http://id.loc.gov/authorities/subjects/sh2008114977 
650 0 |a Women's rights  |x Religious aspects.  |0 http://id.loc.gov/authorities/subjects/sh85147766 
650 0 |a Islamophobia  |x Political aspects  |z Europe. 
650 0 |a Immigrants  |z Europe  |x Public opinion. 
650 0 |a Women immigrants  |x Employment  |z Europe. 
650 0 |a Feminism.  |0 http://id.loc.gov/authorities/subjects/sh85047741 
650 0 |a Nationalism.  |0 http://id.loc.gov/authorities/subjects/sh85090150 
655 7 |a Electronic books.  |2 local 
710 2 |a ProQuest (Firm)  |0 http://id.loc.gov/authorities/names/n2007068018 
776 1 8 |i Print version:  |a Farris, Sara R.  |t In the name of women's rights.  |d Durham : Duke University Press, 2017  |z 9780822369608  |w (DLC) 2016047057 
856 4 0 |u https://ebookcentral.proquest.com/lib/tamucs/detail.action?docID=4845301  |y Connect to the full text of this electronic book  |t 0 
955 |a YBP purchased approval e-records 
980 |b 139.42  |g 1 
987 |a ybp13972602 
999 f f |s 5387b2df-80ab-3602-855b-ce9c008a50af  |i 0e2c64a8-c825-3769-940e-38f1b5b8cc99  |t 0 
952 f f |a Texas A&M University  |b College Station  |c Electronic Resources  |d Available Online  |t 0  |e JV7590 .F368 2017  |h Library of Congress classification 
998 f f |a JV7590 .F368 2017  |t 0  |l Available Online